| 000 | 01032cad a22002535a 4500 | ||
|---|---|---|---|
| 001 | L160107 | ||
| 008 | 100611s2009 xxk f 000 0 eng d | ||
| 035 | _a(Sirsi) u160107 | ||
| 041 | 0 | _aeng | |
| 110 | 2 | _aFederation International Des Geometres | |
| 111 | 2 |
_aFIG Regional Conference _bHanoi, Vietnam _d19-22 October 2009 |
|
| 245 | 0 | 0 |
_aAlternatives for building hydrographic surveying capacity in Small Island Developing States (SIDS) _h[electronic resource] |
| 260 |
_aHanoi _bFIG _c2009 |
||
| 520 | _aDiscusses alternatives for building hydrographic surveying capacity in Small Island Developing States. | ||
| 521 | _aAdvanced | ||
| 590 | _aKA | ||
| 650 | 2 | 4 | _aCAPACITY ANALYSIS |
| 650 | 2 | 4 | _aHYDROGRAPHIC SURVEYING |
| 651 | 4 | _aInternational | |
| 690 |
_aLand use _96251 |
||
| 700 | 1 | _aNeale, David | |
| 856 | 4 | 0 |
_uhttps://www.rics.org/Global/Downloads/Alternatives_for_Building_Hydrographic_Surveying_Capacity_in_Small_Island_Developing_States.pdf _zView the presentation free of charge at www.rics.org |
| 942 | _n0 | ||
| 999 |
_c116222 _d116222 |
||